Visualizzazione normale
Vista MARC
- Marinoni Nazareno
di Personal Name
Records bibliografici associati: 1
001 - CONTROL NUMBER
- control field: 55116
003 - CONTROL NUMBER IDENTIFIER
- control field: IT-RoPau
005 - DATE AND TIME OF LATEST TRANSACTION
- control field: 20151204090123.0
008 - FIXED-LENGTH DATA ELEMENTS
- fixed length control field: 151204|| aca||aabn | a|a d
040 ## - CATALOGING SOURCE
- Original cataloging agency: IT-RoPau
- Transcribing agency: IT-RoPau
100 ## - HEADING--PERSONAL NAME
- Personal name: Marinoni Nazareno
- Relator term: (regista)
- Miscellaneous information: Codice regista SPICS: 37873
670 ## - SOURCE DATA FOUND
- Source citation: Work cat.: (IT-RoPau)108274: Marinoni Nazareno Codice regista SPICS: 37873 55114, CON LA FORZA DELLO SPIRITO SANTO-UN PROGETTO DA REALIZZARE INSIEME CON LA FORZA DELLO SPIRITO SANTO-UN PROGETTO DA REALIZZARE INSIEME (Rif. Codice opera principale : B2411)